banner-ar

INTERNATIONAL POLITICS A FRAMEWORK FOR ANALYSIS / (Record no. 10800)

MARC details
000 -الفاتح
حقل البيانات ثابتة الطول 00428nam a2200145Ia 4500
008 - عناصر البيانات ثابتة الطول - معلومات عامة
حقل البيانات ثابتة الطول 140319s9999 xx 000 0 eng d
040 ## - مصدر الفهرسة
وكالة الفهرسة الأصلية GCL /
وكالة النسخ GCL
082 04 - رقم تصنيف ديوى العشرى
رقم التصنيف 327
رقم المادة H S
100 1# - المدخل الرئيسى - إسم شخصى
الإسم الشخصى HASLSTI, K. J.
245 10 - بيان العنوان
العنوان INTERNATIONAL POLITICS A FRAMEWORK FOR ANALYSIS /
بيان المسئوليه,etc HASLSTI, K. J.
260 ## - PUBLICATION, DISTRIBUTION, ETC. (IMPRINT)
تاريخ النشر أو التوزيع 1995
650 04 - المدخل الاضافى بالموضوع-مصطلح موضوعى
مصطلح موضوعي INTERNATIONAL POLITICS
942 ## - عناصر المدخل الإضافي( كوها)
مصدر التصنيف او مخطط الترفيف Dewey Decimal Classification
Koha [default] item type كتاب
260 ## - PUBLICATION, DISTRIBUTION, ETC. (IMPRINT)
-- [S.N] :
-- PRENTIC- HALL OF INDIA PRIVTE LIMITED ،
Holdings
حالة التراجع حالة الفقد حالة تلف ليس للاعارة المكان المؤقت الموقع الحالى تاريخ الاكتساب اجمالي اﻻعارات رقم الطلب الباركود تاريخ اخر مشاهدة تاريخ تفعيل السعر نوع وعاء كوها
        مكتبة القاهرة الكبرى مكتبة القاهرة الكبرى 03/26/2014   327\H S 21704 03/26/2014 03/26/2014 كتاب

Powered By

EGPV